[Event "Tch-CRO 1stA liga 2017"]
[Site "Mali Losinj"]
[Date "2017.10.03"]
[Round "6.36"]
[White "Zelenika, Srdjan"]
[Black "Soldo, Josip"]
[Result "1-0"]
[WhiteElo "2215"]
[BlackElo "2122"]
[PlyCount "53"]
[EventDate "2017.??.??"]
[EventCountry "CRO"]

1. e4 c5 2. Nf3 Nc6 3. d4 cxd4 4. Nxd4 Nf6 5. Nc3 d6 6. Bg5 e6 7. Qd2 Be7 8.
O-O-O a6 9. f4 Qc7 10. Nf3 b5 11. Bd3 Bb7 12. Rhe1 b4 13. Na4 O-O 14. Qf2 a5
15. e5 dxe5 16. fxe5 Ng4 17. Qh4 Bxg5+ 18. Nxg5 h6 19. Nxe6 fxe6 20. Qxg4 Qf7
21. Nc5 Bc8 22. g3 Qe7 23. Qe4 Qxc5 24. Qh7+ Kf7 25. Rf1+ Ke7 26. Qxg7+ Ke8 27.
Bg6+ 1-0

[Event "Tch-CRO 1stA liga 2017"]
[Site "Mali Losinj"]
[Date "2017.10.03"]
[Round "6.41"]
[White "Srbis, Jurica"]
[Black "Fedorchuk, Sergey A"]
[Result "1/2-1/2"]
[WhiteElo "2421"]
[BlackElo "2640"]
[PlyCount "37"]
[EventDate "2017.??.??"]
[EventCountry "CRO"]

1. e4 c5 2. Nf3 e6 3. c3 d5 4. exd5 Qxd5 5. d4 Nc6 6. Na3 a6 7. Nc4 Qd8 8. Be3
b5 9. Nce5 Nxe5 10. Nxe5 Qc7 11. a4 cxd4 12. cxd4 Bb4+ 13. Bd2 Qa5 14. Bxb4
Qxb4+ 15. Qd2 Qxd2+ 16. Kxd2 bxa4 17. Rxa4 Bb7 18. Rb4 Bd5 19. f3 1/2-1/2

[Event "Tch-CRO 1stA liga 2017"]
[Site "Mali Losinj"]
[Date "2017.10.03"]
[Round "6.42"]
[White "Georgiev, Kiril"]
[Black "Radovanovic, Nikola"]
[Result "1/2-1/2"]
[WhiteElo "2631"]
[BlackElo "2398"]
[PlyCount "87"]
[EventDate "2017.??.??"]
[EventCountry "CRO"]

1. Nf3 Nf6 2. c4 g6 3. g3 Bg7 4. Bg2 O-O 5. Nc3 d6 6. O-O e5 7. d3 Nc6 8. Rb1
a5 9. a3 Re8 10. Bg5 h6 11. Bxf6 Bxf6 12. b4 axb4 13. axb4 Bg7 14. b5 Ne7 15.
Qb3 Be6 16. Nd2 c6 17. Rfc1 d5 18. Qd1 Nf5 19. bxc6 bxc6 20. cxd5 cxd5 21. Rb5
Nd4 22. Rbb1 Nf5 23. Nb3 Rc8 24. Na4 Rxc1 25. Rxc1 d4 26. Nbc5 Bd5 27. Nb7 Bxb7
28. Bxb7 Nd6 29. Bd5 e4 30. dxe4 Nxe4 31. Bxe4 Rxe4 32. Nc5 Re8 33. Nd3 h5 34.
h4 g5 35. hxg5 Qxg5 36. Rc5 Qg4 37. Qd2 Rxe2 38. Qg5 Qxg5 39. Rxg5 h4 40. gxh4
Re4 41. h5 Kh7 42. Rf5 Rg4+ 43. Kf1 f6 44. Ke2 1/2-1/2

[Event "Tch-CRO 1stA liga 2017"]
[Site "Mali Losinj"]
[Date "2017.10.03"]
[Round "6.43"]
[White "Ivekovic, Zvonimir"]
[Black "Muse, Drazen"]
[Result "0-1"]
[WhiteElo "2409"]
[BlackElo "2356"]
[PlyCount "66"]
[EventDate "2017.??.??"]
[EventCountry "CRO"]

1. e4 c6 2. d4 d5 3. exd5 cxd5 4. c4 Nf6 5. Nc3 e6 6. Nf3 Be7 7. Bd3 dxc4 8.
Bxc4 O-O 9. O-O a6 10. Qe2 Nc6 11. Rd1 Nb4 12. Bg5 b5 13. Bb3 Bb7 14. a3 Nbd5
15. Rac1 Nxc3 16. bxc3 Bxa3 17. Rb1 Be7 18. c4 bxc4 19. Bxc4 Bd5 20. Ne5 a5 21.
Bxd5 Nxd5 22. Nc6 Qd6 23. Nxe7+ Nxe7 24. Bxe7 Qxe7 25. d5 Rfd8 26. Qa2 exd5 27.
Rxd5 a4 28. h3 a3 29. Rdb5 Qe6 30. R5b3 g6 31. f4 Rd3 32. Kh2 Rxb3 33. Rxb3
Qxb3 0-1

[Event "Tch-CRO 1stA liga 2017"]
[Site "Mali Losinj"]
[Date "2017.10.03"]
[Round "6.44"]
[White "Zovko, Mario"]
[Black "Ostovic, Matija"]
[Result "1/2-1/2"]
[WhiteElo "2328"]
[BlackElo "2334"]
[PlyCount "68"]
[EventDate "2017.??.??"]
[EventCountry "CRO"]

1. e4 d6 2. d4 Nf6 3. Bd3 e5 4. c3 Nbd7 5. Nf3 d5 6. dxe5 dxe4 7. exf6 exf3 8.
fxg7 Bxg7 9. Qxf3 Ne5 10. Bb5+ Bd7 11. Qe2 c6 12. O-O Qe7 13. Ba4 O-O-O 14. Bf4
Rhe8 15. Qe3 Qh4 16. Qg3 Qxg3 17. Bxg3 Nd3 18. Bh4 f6 19. Bc2 Bg4 20. f3 Bf5
21. Na3 b5 22. Bxd3 Bxd3 23. Rfe1 Bg6 24. Rxe8 Rxe8 25. Kf2 Bh6 26. Bxf6 Be3+
27. Kg3 Bf5 28. h4 Bc5 29. Kf4 Bg6 30. Be5 Rf8+ 31. Kg3 Rd8 32. b4 Bf8 33. h5
Bd3 34. Rd1 a5 1/2-1/2

[Event "Tch-CRO 1stA liga 2017"]
[Site "Mali Losinj"]
[Date "2017.10.03"]
[Round "6.45"]
[White "Vrban, Mladen"]
[Black "Mrdja, Milan"]
[Result "1/2-1/2"]
[WhiteElo "2295"]
[BlackElo "2295"]
[PlyCount "89"]
[EventDate "2017.??.??"]
[EventCountry "CRO"]

1. e4 c5 2. Nf3 e6 3. d4 cxd4 4. Nxd4 a6 5. Bd3 Bc5 6. Nb3 Be7 7. O-O d6 8. c4
Nf6 9. Nc3 O-O 10. Be3 Qc7 11. Rc1 Nbd7 12. Nd4 b6 13. g4 Ne5 14. Be2 Bb7 15.
f3 h6 16. Qe1 Rac8 17. Qf2 Qb8 18. b3 Rfe8 19. h4 Ned7 20. g5 hxg5 21. hxg5 Nh7
22. g6 fxg6 23. Nxe6 Bf6 24. Nf4 Bxc3 25. Rxc3 g5 26. Nd5 Bxd5 27. exd5 Nhf6
28. Bxg5 Re5 29. Bxf6 Nxf6 30. f4 Ne4 31. fxe5 Nxf2 32. Rxf2 dxe5 33. Bg4 Re8
34. Rh3 Qd8 35. Bf5 Qg5+ 36. Kh2 Kf7 37. d6 Rd8 38. Bd7+ Kg6 39. Be6 Qc1 40. d7
e4 41. Bf7+ Kg5 42. Rg3+ Kh6 43. Rh3+ Kg5 44. Rg3+ Kh6 45. Kh3 1/2-1/2

[Event "Tch-CRO 1stA liga 2017"]
[Site "Mali Losinj"]
[Date "2017.10.03"]
[Round "6.46"]
[White "Zivkovic, Nikola"]
[Black "Matijevic, Hrvoje"]
[Result "0-1"]
[WhiteElo "2180"]
[BlackElo "2227"]
[PlyCount "98"]
[EventDate "2017.??.??"]
[EventCountry "CRO"]

1. e4 c5 2. Nf3 d6 3. d4 cxd4 4. Nxd4 Nf6 5. Nc3 a6 6. Bc4 e6 7. Bb3 Nbd7 8.
O-O Nc5 9. Re1 Be7 10. f4 Nxb3 11. axb3 O-O 12. Be3 Qc7 13. f5 Bd7 14. h3 b5
15. Bf2 e5 16. Nf3 Bc6 17. Nd2 b4 18. Na4 d5 19. Nb6 Rad8 20. exd5 Nxd5 21.
Nxd5 Bxd5 22. Qe2 Qxc2 23. Nc4 Qxf5 24. Ne3 Qe4 25. Nxd5 Qxd5 26. Rxa6 f6 27.
Qc4 Qxc4 28. bxc4 Rd2 29. Ra7 Re8 30. Ra4 Rxb2 31. Rc1 b3 32. c5 Ra2 33. Rb4 b2
34. Rb1 Rc8 35. R4xb2 Rxb2 36. Rxb2 Bxc5 37. Kf1 Bxf2 38. Kxf2 h5 39. Rb3 Rc4
40. Ke3 h4 41. Ra3 Kh7 42. Rb3 Rf4 43. Rb7 Kh6 44. Rb6 Kg5 45. Rb7 g6 46. Rb2
Kf5 47. Ra2 g5 48. Rb2 g4 49. Ra2 g3 0-1

[Event "Tch-CRO 1stA liga 2017"]
[Site "Mali Losinj"]
[Date "2017.10.03"]
[Round "6.51"]
[White "Ponkratov, Pavel"]
[Black "Postny, Evgeny"]
[Result "1/2-1/2"]
[WhiteElo "2591"]
[BlackElo "2569"]
[PlyCount "37"]
[EventDate "2017.??.??"]
[EventCountry "CRO"]

1. Nf3 d5 2. g3 c6 3. Bg2 Bg4 4. c4 e6 5. cxd5 Bxf3 6. Bxf3 cxd5 7. O-O Nf6 8.
Nc3 Nc6 9. d4 Be7 10. e3 O-O 11. Bd2 Rc8 12. Rc1 a6 13. Qe2 Nd7 14. Rfd1 Nb6
15. Be1 Bf6 16. Bg2 Re8 17. Qg4 g6 18. Bf1 Bg7 19. Bd3 1/2-1/2

[Event "Tch-CRO 1stA liga 2017"]
[Site "Mali Losinj"]
[Date "2017.10.03"]
[Round "6.52"]
[White "Gharamian, Tigran"]
[Black "Martinovic, Sasa"]
[Result "1/2-1/2"]
[WhiteElo "2626"]
[BlackElo "2565"]
[PlyCount "39"]
[EventDate "2017.??.??"]
[EventCountry "CRO"]

1. e4 c5 2. Nf3 Nc6 3. Bb5 g6 4. Bxc6 bxc6 5. O-O Bg7 6. h3 Nh6 7. c3 O-O 8. d4
cxd4 9. cxd4 f5 10. e5 Nf7 11. Nc3 c5 12. dxc5 Bb7 13. Nd5 e6 14. Nf6+ Bxf6 15.
exf6 Qxf6 16. Re1 Rac8 17. Qxd7 Bxf3 18. gxf3 Ne5 19. Rxe5 Qxe5 20. Bh6 1/2-1/2

[Event "Tch-CRO 1stA liga 2017"]
[Site "Mali Losinj"]
[Date "2017.10.03"]
[Round "6.53"]
[White "Cvitan, Ognjen"]
[Black "Jovanovic, Zoran"]
[Result "1/2-1/2"]
[WhiteElo "2487"]
[BlackElo "2534"]
[PlyCount "29"]
[EventDate "2017.??.??"]
[EventCountry "CRO"]

1. d4 d6 2. e4 Nf6 3. Nc3 e5 4. Nf3 Nbd7 5. Bc4 Be7 6. a4 O-O 7. O-O c6 8. h3
exd4 9. Qxd4 Nc5 10. Re1 Be6 11. a5 Bxc4 12. Qxc4 d5 13. exd5 cxd5 14. Qe2 Nfe4
15. Nb5 1/2-1/2

[Event "Tch-CRO 1stA liga 2017"]
[Site "Mali Losinj"]
[Date "2017.10.03"]
[Round "6.54"]
[White "Djurovic, Goran"]
[Black "Kurajica, Bojan"]
[Result "1/2-1/2"]
[WhiteElo "2387"]
[BlackElo "2509"]
[PlyCount "35"]
[EventDate "2017.??.??"]
[EventCountry "CRO"]

1. b3 e5 2. Bb2 Nc6 3. e3 d6 4. d3 f5 5. Nd2 Nf6 6. Ne2 Be7 7. g3 Be6 8. Bg2
O-O 9. a3 a5 10. c4 Qe8 11. Qc2 Nd8 12. b4 c6 13. O-O Qh5 14. Rfe1 axb4 15.
axb4 Rxa1 16. Bxa1 Nf7 17. f4 Ra8 18. Nf1 1/2-1/2

[Event "Tch-CRO 1stA liga 2017"]
[Site "Mali Losinj"]
[Date "2017.10.03"]
[Round "6.55"]
[White "Muse, Mladen"]
[Black "Bukal, Vladimir Jr"]
[Result "1/2-1/2"]
[WhiteElo "2391"]
[BlackElo "2397"]
[PlyCount "38"]
[EventDate "2017.??.??"]
[EventCountry "CRO"]

1. d4 e6 2. g3 c5 3. Nf3 cxd4 4. Nxd4 d5 5. Bg2 Nf6 6. O-O e5 7. Nb3 Be7 8. Bg5
Nbd7 9. e4 dxe4 10. Nc3 O-O 11. Qe2 h6 12. Be3 Nb6 13. Nxe4 Nxe4 14. Bxe4 Qc7
15. Rad1 Nc4 16. Bc1 Be6 17. Bd5 Bxd5 18. Rxd5 Rad8 19. Rfd1 Qc6 1/2-1/2

[Event "Tch-CRO 1stA liga 2017"]
[Site "Mali Losinj"]
[Date "2017.10.03"]
[Round "6.56"]
[White "Dutina, Dario"]
[Black "Kovacevic, Vlatko"]
[Result "0-1"]
[WhiteElo "2266"]
[BlackElo "2446"]
[PlyCount "128"]
[EventDate "2017.??.??"]
[EventCountry "CRO"]

1. e4 e6 2. d4 d5 3. e5 c5 4. c3 Ne7 5. Nf3 Nec6 6. Bd3 Nd7 7. O-O Be7 8. Na3
cxd4 9. cxd4 Nb4 10. Be2 Nb6 11. Nc2 Nxc2 12. Qxc2 Bd7 13. Bd3 Rc8 14. Qe2 Nc4
15. Ne1 h5 16. Nc2 a6 17. g3 Na5 18. h3 g6 19. Kg2 Qb6 20. b3 Bb5 21. Bb2 Bxd3
22. Qxd3 Nc6 23. Rac1 Bg5 24. f4 Be7 25. Bc3 Kd7 26. Ne3 Ba3 27. Rc2 Qb5 28.
Qd1 a5 29. Rff2 a4 30. bxa4 Qxa4 31. Qd3 Qa6 32. Qd2 Rc7 33. g4 hxg4 34. hxg4
Rcc8 35. Kg3 Be7 36. Rh2 Rxh2 37. Kxh2 Rh8+ 38. Kg2 Ba3 39. Nd1 Rh4 40. Nf2 Qa8
41. Qd3 Rh8 42. Re2 Qa6 43. Qd2 Bc1 44. Qd3 Bxf4 45. Qf3 g5 46. Nd3 Qc4 47.
Nxf4 gxf4 48. Rd2 Ne7 49. Rb2 Ng6 50. Be1 Ra8 51. Rxb7+ Kc6 52. Rb2 Rxa2 53.
Rxa2 Qxa2+ 54. Kh3 Qa1 55. Qf2 Qa3+ 56. Kg2 Qd3 57. Bb4 Qe4+ 58. Kh2 f3 59. Kg3
Nf4 60. Qa2 Ne2+ 61. Kf2 Qxd4+ 62. Kxf3 Qf4+ 63. Kg2 Qxg4+ 64. Kf2 Qg3+ 0-1

[Event "Tch-CRO 1stA liga 2017"]
[Site "Mali Losinj"]
[Date "2017.10.04"]
[Round "7.11"]
[White "Postny, Evgeny"]
[Black "Saric, Ivan"]
[Result "0-1"]
[WhiteElo "2569"]
[BlackElo "2662"]
[PlyCount "120"]
[EventDate "2017.??.??"]
[EventCountry "CRO"]

1. d4 d5 2. c4 c6 3. Nf3 Nf6 4. Qc2 g6 5. Bf4 Bg7 6. e3 O-O 7. Nc3 Na6 8. Be2
Bf5 9. Qb3 Qb6 10. Qxb6 axb6 11. cxd5 Nxd5 12. Nxd5 cxd5 13. Kd2 Rfc8 14. Rhc1
Nc5 15. Ke1 Na4 16. b3 Nc3 17. a4 Nxe2 18. Kxe2 Bc2 19. b4 f6 20. a5 bxa5 21.
Kd2 Be4 22. Rxa5 Bf8 23. Rxc8 Rxc8 24. Rc5 Ra8 25. Ra5 Rc8 26. Rc5 Ra8 27. Ra5
Rxa5 28. bxa5 Kf7 29. Ne1 e5 30. dxe5 Bb4+ 31. Kd1 Bxa5 32. exf6 Kxf6 33. f3
Bf5 34. Nc2 Bd3 35. h4 Bc3 36. Nd4 Bb4 37. Kc1 Be1 38. g3 Bc3 39. Bd6 Kf7 40.
Kd1 Kf6 41. Kc1 b5 42. Kd1 Kf7 43. Bc5 b4 44. Bd6 Ke8 45. Bc7 Kd7 46. Ba5 Kd6
47. Bb6 Bc4 48. Ne2 Bxe2+ 49. Kxe2 b3 50. Kd3 Be1 51. Ba7 Kc7 52. Bd4 Bxg3 53.
Kc3 Bxh4 54. Kxb3 Bg3 55. Kc2 h5 56. Kd3 h4 57. Ke2 h3 58. Kf1 Kc6 59. Kg1 Kb5
60. e4 Kc4 0-1

[Event "Tch-CRO 1stA liga 2017"]
[Site "Mali Losinj"]
[Date "2017.10.04"]
[Round "7.12"]
[White "Predojevic, Borki"]
[Black "Gharamian, Tigran"]
[Result "1/2-1/2"]
[WhiteElo "2614"]
[BlackElo "2626"]
[PlyCount "23"]
[EventDate "2017.??.??"]
[EventCountry "CRO"]

1. Nf3 Nf6 2. c4 e6 3. g3 d5 4. Bg2 Be7 5. O-O O-O 6. d4 dxc4 7. Qc2 b6 8. Bg5
Nd5 9. Bxe7 Qxe7 10. e4 Nb4 11. Qc3 c5 12. a3 1/2-1/2

[Event "Tch-CRO 1stA liga 2017"]
[Site "Mali Losinj"]
[Date "2017.10.04"]
[Round "7.14"]
[White "Jovanic, Ognjen"]
[Black "Djurovic, Goran"]
[Result "1-0"]
[WhiteElo "2490"]
[BlackElo "2387"]
[PlyCount "67"]
[EventDate "2017.??.??"]
[EventCountry "CRO"]

1. d4 Nf6 2. c4 c5 3. d5 e6 4. Nc3 exd5 5. cxd5 d6 6. Nf3 g6 7. Bf4 Bg7 8. Qa4+
Bd7 9. Qb3 Qc7 10. e4 O-O 11. Nd2 Re8 12. Be2 Na6 13. O-O Bf8 14. Rfe1 Rab8 15.
h3 Kh8 16. Bf1 Ng8 17. Nb5 Bxb5 18. Bxb5 Red8 19. e5 f6 20. exf6 Nxf6 21. Re6
Nh5 22. Bg5 Rdc8 23. Rae1 Qf7 24. g4 Ng7 25. Rf6 Qg8 26. Bd7 c4 27. Qf3 Rc5 28.
Rf7 Nc7 29. Be7 c3 30. bxc3 Rxc3 31. Rxf8 Rxf3 32. Rxg8+ Kxg8 33. Nxf3 Nxd5 34.
Ba4 1-0

[Event "Tch-CRO 1stA liga 2017"]
[Site "Mali Losinj"]
[Date "2017.10.04"]
[Round "7.15"]
[White "Bukal, Vladimir Jr"]
[Black "Kovacevic, Blazimir"]
[Result "1/2-1/2"]
[WhiteElo "2397"]
[BlackElo "2488"]
[PlyCount "28"]
[EventDate "2017.??.??"]
[EventCountry "CRO"]

1. b3 e5 2. Bb2 Nc6 3. e3 d5 4. Bb5 Bd6 5. f4 Qh4+ 6. g3 Qe7 7. Nf3 Bg4 8. fxe5
Bxe5 9. Bxe5 Bxf3 10. Qxf3 Qxe5 11. Nc3 Nf6 12. Bxc6+ bxc6 13. O-O O-O 14. Qf4
Qe7 1/2-1/2

[Event "Tch-CRO 1stA liga 2017"]
[Site "Mali Losinj"]
[Date "2017.10.04"]
[Round "7.16"]
[White "Plenca, Jadranko"]
[Black "Bozinovic, Bogdan"]
[Result "1-0"]
[WhiteElo "2440"]
[BlackElo "2174"]
[PlyCount "151"]
[EventDate "2017.??.??"]
[EventCountry "CRO"]

1. e4 c5 2. Nf3 d6 3. Bb5+ Nd7 4. d4 cxd4 5. Qxd4 a6 6. Bxd7+ Bxd7 7. c4 Nf6 8.
Bg5 e6 9. Nc3 Be7 10. O-O O-O 11. e5 dxe5 12. Nxe5 Rc8 13. Rad1 Bc6 14. Qh4 Qa5
15. Ng4 Qf5 16. h3 Rfd8 17. Rxd8+ Rxd8 18. Re1 h6 19. Bxf6 Bxf6 20. Nxf6+ Qxf6
21. Qxf6 gxf6 22. Rd1 Rc8 23. b4 Kf8 24. a4 Ke7 25. Rd4 f5 26. Kf1 Kf6 27. a5
Ke5 28. Ne2 Kf6 29. f3 Ke7 30. Nc3 f6 31. Ke2 h5 32. Rd2 Be8 33. Kd3 f4 34. Nd1
Ba4 35. Nb2 Bc6 36. Kc3 e5 37. Kb3 Rg8 38. Nd3 Rg3 39. Re2 Kd6 40. Kc3 h4 41.
Kd2 Rg8 42. Ke1 Kc7 43. Rb2 Bd7 44. Nc5 Bf5 45. Rd2 Kc6 46. Kf2 Re8 47. Rd1 Rg8
48. Rd5 Re8 49. Rd2 Rg8 50. Kf1 Re8 51. Ke2 Rg8 52. Kd1 Rb8 53. Kc1 Rg8 54. Kb2
Rg3 55. Ka2 Rg8 56. Kb3 Re8 57. Ka4 Rg8 58. Nb3 Kc7 59. Nc5 Kc6 60. Nb3 Kc7 61.
b5 axb5+ 62. cxb5 Re8 63. Nc5 Rg8 64. Kb4 Rg7 65. b6+ Kc6 66. a6 bxa6 67. b7
Rg8 68. Ra2 Kc7 69. Rxa6 Rxg2 70. Rxf6 Bxh3 71. Rf7+ Kc6 72. b8=Q Rb2+ 73. Nb3
Rxb3+ 74. Kxb3 Be6+ 75. Kc3 Bxf7 76. Qxe5 1-0

[Event "Tch-CRO 1stA liga 2017"]
[Site "Mali Losinj"]
[Date "2017.10.04"]
[Round "7.21"]
[White "Fedorchuk, Sergey A"]
[Black "Ponkratov, Pavel"]
[Result "1/2-1/2"]
[WhiteElo "2640"]
[BlackElo "2591"]
[PlyCount "29"]
[EventDate "2017.??.??"]
[EventCountry "CRO"]

1. e4 e5 2. Nf3 Nc6 3. Bb5 a6 4. Ba4 Nf6 5. O-O Be7 6. Re1 b5 7. Bb3 O-O 8. d3
Bb7 9. a3 d5 10. exd5 Nxd5 11. Nxe5 Nxe5 12. Rxe5 Qd6 13. Re1 Rae8 14. Nd2 c5
15. Ne4 1/2-1/2

[Event "Tch-CRO 1stA liga 2017"]
[Site "Mali Losinj"]
[Date "2017.10.04"]
[Round "7.22"]
[White "Martinovic, Sasa"]
[Black "Georgiev, Kiril"]
[Result "1/2-1/2"]
[WhiteElo "2565"]
[BlackElo "2631"]
[PlyCount "79"]
[EventDate "2017.??.??"]
[EventCountry "CRO"]

1. d4 Nf6 2. Bg5 Ne4 3. Bf4 d5 4. e3 Bf5 5. f3 Nd6 6. Nc3 e6 7. Qe2 Nc6 8.
O-O-O Be7 9. e4 Bg6 10. exd5 exd5 11. Nxd5 O-O 12. Nxe7+ Nxe7 13. d5 Re8 14.
Qd2 b5 15. g4 Nc4 16. Bxc4 bxc4 17. Nh3 c6 18. dxc6 Nxc6 19. Qxd8 Raxd8 20.
Rxd8 Rxd8 21. Rd1 Re8 22. Rd6 c3 23. bxc3 Na5 24. Kd1 f6 25. Nf2 Nc4 26. Rc6
Bf7 27. Rc5 g5 28. Bc1 Ne5 29. Ne4 Kg7 30. Ke2 h5 31. h3 hxg4 32. hxg4 Bxa2 33.
Rc7+ Kg6 34. Rxa7 Bd5 35. Ra4 Nxg4 36. fxg4 Bxe4 37. Be3 Bxc2 38. Rb4 Re6 39.
Rb6 Rxb6 40. Bxb6 1/2-1/2

[Event "Tch-CRO 1stA liga 2017"]
[Site "Mali Losinj"]
[Date "2017.10.04"]
[Round "7.23"]
[White "Muse, Drazen"]
[Black "Cvitan, Ognjen"]
[Result "1/2-1/2"]
[WhiteElo "2356"]
[BlackElo "2487"]
[PlyCount "21"]
[EventDate "2017.??.??"]
[EventCountry "CRO"]

1. e4 e5 2. Nf3 Nc6 3. Bb5 a6 4. Ba4 Nf6 5. Bxc6 dxc6 6. d3 Nd7 7. Qe2 Be7 8.
Nbd2 O-O 9. Nc4 f6 10. Nh4 g6 11. g3 1/2-1/2

[Event "Tch-CRO 1stA liga 2017"]
[Site "Mali Losinj"]
[Date "2017.10.04"]
[Round "7.24"]
[White "Kurajica, Bojan"]
[Black "Zovko, Mario"]
[Result "1-0"]
[WhiteElo "2509"]
[BlackElo "2328"]
[PlyCount "81"]
[EventDate "2017.??.??"]
[EventCountry "CRO"]

1. Nf3 d5 2. d4 Nf6 3. c4 e6 4. g3 dxc4 5. Qa4+ Nbd7 6. Nc3 a6 7. Bg2 Rb8 8.
Qxc4 b5 9. Qd3 Bb7 10. Bf4 Rc8 11. O-O c5 12. dxc5 Bxc5 13. Nd2 Bxg2 14. Kxg2
O-O 15. a4 e5 16. Bg5 h6 17. Bxf6 Nxf6 18. axb5 Qxd3 19. exd3 axb5 20. Nb3 b4
21. Ne4 Nxe4 22. dxe4 Rfd8 23. Rfd1 Bf8 24. Kf3 h5 25. Rxd8 Rxd8 26. Ke2 f6 27.
Rc1 Rd7 28. Rc4 Kf7 29. Nc1 Ra7 30. Nd3 Ra2 31. h4 Be7 32. f3 Bf8 33. Rc7+ Kg6
34. f4 exf4 35. gxf4 Kh6 36. Rc8 Bd6 37. e5 Be7 38. f5 Kh7 39. Re8 Ra7 40. Nf4
g6 41. Nxg6 1-0

[Event "Tch-CRO 1stA liga 2017"]
[Site "Mali Losinj"]
[Date "2017.10.04"]
[Round "7.25"]
[White "Mrdja, Milan"]
[Black "Muse, Mladen"]
[Result "0-1"]
[WhiteElo "2295"]
[BlackElo "2391"]
[PlyCount "50"]
[EventDate "2017.??.??"]
[EventCountry "CRO"]

1. e4 d5 2. exd5 Qxd5 3. Nc3 Qd6 4. d4 Nf6 5. Nge2 e6 6. Bf4 Qb6 7. Qd2 Bd7 8.
O-O-O Be7 9. Kb1 O-O 10. f3 Bc6 11. Be3 Rd8 12. Qc1 Qa5 13. a3 b5 14. b4 Qa6
15. Nf4 Qb7 16. Qb2 a5 17. Be2 axb4 18. axb4 Nbd7 19. Nd3 Nd5 20. Nxd5 Bxd5 21.
Kc1 Ra2 22. Qc3 Nb6 23. Nc5 Qa8 24. Bxb5 Ra3 25. Qe1 Bc4 0-1

[Event "Tch-CRO 1stA liga 2017"]
[Site "Mali Losinj"]
[Date "2017.10.04"]
[Round "7.26"]
[White "Kovacevic, Vlatko"]
[Black "Jukic, Zdenko"]
[Result "1/2-1/2"]
[WhiteElo "2446"]
[BlackElo "2315"]
[PlyCount "62"]
[EventDate "2017.??.??"]
[EventCountry "CRO"]

1. d4 d5 2. Nf3 c6 3. c4 e6 4. Nc3 Nf6 5. e3 Bd6 6. Bd3 dxc4 7. Bxc4 Qc7 8. e4
b5 9. Be2 e5 10. dxe5 Bxe5 11. Nxe5 Qxe5 12. f4 Qc5 13. e5 Nd5 14. Nxd5 cxd5
15. a4 bxa4 16. Qxa4+ Bd7 17. Qa5 Qxa5+ 18. Rxa5 d4 19. Kf2 Nc6 20. Ra6 Rc8 21.
Rd1 O-O 22. Bd2 Rb8 23. Bf3 Rfc8 24. b4 Nxb4 25. Rxa7 Be6 26. Bxb4 Rxb4 27. Ra6
g5 28. fxg5 Rc5 29. Rd6 Rxe5 30. R1xd4 Rxd4 31. Rxd4 Rxg5 1/2-1/2

[Event "Tch-CRO 1stA liga 2017"]
[Site "Mali Losinj"]
[Date "2017.10.04"]
[Round "7.31"]
[White "Bosiocic, Marin"]
[Black "Srbis, Jurica"]
[Result "1/2-1/2"]
[WhiteElo "2607"]
[BlackElo "2421"]
[PlyCount "118"]
[EventDate "2017.??.??"]
[EventCountry "CRO"]

1. e4 e5 2. Nf3 Nc6 3. Bb5 a6 4. Ba4 Nf6 5. O-O Be7 6. Re1 b5 7. Bb3 O-O 8. a4
b4 9. a5 d6 10. d3 Bg4 11. c3 bxc3 12. bxc3 Rb8 13. Nbd2 d5 14. Qc2 dxe4 15.
dxe4 Bc5 16. h3 Bh5 17. Bc4 Ra8 18. Nb3 Bd6 19. Nh2 Bg6 20. Bg5 Nb8 21. Ng4
Nbd7 22. Rad1 Qc8 23. Bxf6 Nxf6 24. Nxf6+ gxf6 25. g4 h5 26. Qe2 hxg4 27. hxg4
Kg7 28. Kg2 Rg8 29. Rd3 Kf8 30. Rg3 Ke7 31. Qd3 Rh8 32. Rh1 Rxh1 33. Kxh1 Qh8+
34. Kg1 Qh4 35. Qf3 Rh8 36. Nd2 Qh6 37. Nf1 Qf4 38. Bd3 Bc5 39. Qxf4 exf4 40.
Rf3 Bd6 41. Nd2 Rh4 42. Kf1 Rxg4 43. Rh3 Rg5 44. Nb3 Be5 45. Bc2 f5 46. exf5
Bxf5 47. Bxf5 Rxf5 48. Ke2 f3+ 49. Kd3 Bf6 50. c4 Rf4 51. Nd2 Rf5 52. Nb3 Rf4
53. Rh1 Bh4 54. Rf1 Kd6 55. Nd2 f5 56. Nb3 Re4 57. Nd4 Kc5 58. Nb3+ Kd6 59. Nd4
Kc5 1/2-1/2

[Event "Tch-CRO 1stA liga 2017"]
[Site "Mali Losinj"]
[Date "2017.10.04"]
[Round "7.32"]
[White "Radovanovic, Nikola"]
[Black "Beliavsky, Alexander G"]
[Result "1/2-1/2"]
[WhiteElo "2398"]
[BlackElo "2547"]
[PlyCount "40"]
[EventDate "2017.??.??"]
[EventCountry "CRO"]

1. d4 Nf6 2. c4 e6 3. Nc3 Bb4 4. e3 O-O 5. Nf3 d5 6. Bd2 b6 7. Bd3 Ba6 8. Qe2
c5 9. a3 Bxc3 10. Bxc3 cxd4 11. Bxd4 Nc6 12. Bxf6 Qxf6 13. cxd5 Bxd3 14. Qxd3
Qxb2 15. Rb1 Ne5 16. Nxe5 Qxe5 17. dxe6 Qxe6 18. O-O Rfd8 19. Qa6 Qc8 20. Qb5
Qd7 1/2-1/2

[Event "Tch-CRO 1stA liga 2017"]
[Site "Mali Losinj"]
[Date "2017.10.04"]
[Round "7.33"]
[White "Nevednichy, Vladislav"]
[Black "Ivekovic, Zvonimir"]
[Result "1-0"]
[WhiteElo "2528"]
[BlackElo "2409"]
[PlyCount "93"]
[EventDate "2017.??.??"]
[EventCountry "CRO"]

1. e4 c5 2. Nf3 d6 3. d4 cxd4 4. Nxd4 Nf6 5. Nc3 a6 6. a4 e5 7. Nf3 Be7 8. Bc4
O-O 9. O-O h6 10. Be3 Be6 11. Qe2 Qc7 12. Bb3 Nbd7 13. Rfd1 Nb6 14. Bxb6 Qxb6
15. a5 Qc6 16. Nd5 Bxd5 17. Bxd5 Nxd5 18. Rxd5 Rfc8 19. c3 b5 20. axb6 Qxb6 21.
Rda5 Rcb8 22. R1a2 Bd8 23. R5a4 a5 24. Nd2 Qc5 25. Qc4 Rb5 26. Kf1 Rab8 27.
Qxc5 Rxc5 28. Nc4 Bc7 29. Ne3 Bd8 30. Nd5 f5 31. f3 fxe4 32. fxe4 Kf7 33. Ke2
Ke6 34. Kd3 Rb3 35. Rc4 Rxd5+ 36. exd5+ Kxd5 37. Rc8 Bf6 38. Rxa5+ Ke6 39. Kc2
Rb7 40. b4 d5 41. Rc6+ Kd7 42. Rca6 d4 43. Ra7 Rxa7 44. Rxa7+ Kc6 45. Ra6+ Kb5
46. Ra5+ Kc6 47. Rc5+ 1-0

[Event "Tch-CRO 1stA liga 2017"]
[Site "Mali Losinj"]
[Date "2017.10.04"]
[Round "7.34"]
[White "Ostovic, Matija"]
[Black "Tica, Sven"]
[Result "0-1"]
[WhiteElo "2334"]
[BlackElo "2389"]
[PlyCount "104"]
[EventDate "2017.??.??"]
[EventCountry "CRO"]

1. e4 c6 2. d4 d5 3. e5 Bf5 4. h4 h5 5. c4 e6 6. Nc3 Ne7 7. Nge2 Nd7 8. a3 dxc4
9. Ng3 Bg6 10. Bxc4 Nd5 11. Be2 Be7 12. Nxh5 Bxh5 13. Bxh5 g6 14. Bg4 Rxh4 15.
Rxh4 Bxh4 16. Qf3 Qb6 17. Qe4 Be7 18. g3 Qb3 19. Nxd5 cxd5 20. Qe3 Qb6 21. Qc3
Kd8 22. Be3 Rc8 23. Qd2 Nb8 24. Kf1 Nc6 25. Kg2 Na5 26. Bg5 Rc7 27. Rh1 Bxg5
28. Rh8+ Kd7 29. Qxg5 Kc6 30. Rd8 Nc4 31. Qc1 Qxd4 32. Rd6+ Kb5 33. b3 Qxg4 34.
a4+ Kb4 35. bxc4 Qxc4 36. Qb2+ Ka5 37. Qd2+ Qb4 38. Qd1 b6 39. Kh2 Qxa4 40. Qd3
Qc2 41. Qd4 Ka6 42. Rd8 Kb7 43. Qf4 Qf5 44. Qe3 Qe4 45. Qg5 f6 46. Qh6 g5 47.
Rh8 Qxe5 48. Qf8 f5 49. Kg2 g4 50. Qb8+ Ka6 51. Qf8 Qe4+ 52. Kh2 Qf3 0-1

[Event "Tch-CRO 1stA liga 2017"]
[Site "Mali Losinj"]
[Date "2017.10.04"]
[Round "7.35"]
[White "Petrov, Jole"]
[Black "Vrban, Mladen"]
[Result "1-0"]
[WhiteElo "2394"]
[BlackElo "2295"]
[PlyCount "73"]
[EventDate "2017.??.??"]
[EventCountry "CRO"]

1. Nf3 Nf6 2. c4 g6 3. g3 Bg7 4. Bg2 O-O 5. O-O d6 6. d4 Nc6 7. Nc3 Bf5 8. b3
e5 9. d5 Ne7 10. Ne1 Qc8 11. e4 Bh3 12. Nd3 Nh5 13. Be3 Bxg2 14. Kxg2 f5 15. f3
c5 16. dxc6 bxc6 17. Rc1 Qe6 18. Qe2 f4 19. Bg1 g5 20. c5 Ng6 21. cxd6 Rf7 22.
Rcd1 fxg3 23. hxg3 Raf8 24. Be3 g4 25. fxg4 Rxf1 26. Rxf1 Rxf1 27. gxh5 Rh1 28.
Kxh1 Qh3+ 29. Kg1 Qxg3+ 30. Kf1 Nf4 31. Bxf4 exf4 32. e5 Qh3+ 33. Ke1 Bh6 34.
Kd1 f3 35. Qf2 Qxh5 36. Ne4 Qf5 37. d7 1-0